Statistics for Ultimate Harry Potter Naming Quiz Pt 1

Click here to take the quiz!

General Stats

  • This quiz has been taken 32 times
  • The average score is 62 of 132

Answer Stats

HintAnswer% Correct
Titular characterHarry Potter
100%
Hogwarts’ headteacherAlbus Dumbledore
95%
Harry’s cousinDudley Dursley
95%
Harry’s fatherJames Potter
95%
Harry’s motherLily Potter
95%
Harry’s auntPetunia Dursley
95%
Keeper of keys and grounds at HogwartsRubeus Hagrid
95%
Harry’s godfatherSirius Black
95%
Harry’s uncleVernon Dursley
95%
You-know-whoVoldemort
90%
Vernon’s sisterMarjorie Dursley
85%
Transfiguration teacherMinerva McGonagall
85%
The half-blood princeSeverus Snape
80%
Eldest Weasley child | Ron’s eldest brotherBill Weasley
75%
Ron’s brother who works with dragons | Weasley that works with dragonsCharlie Weasley
75%
Harry’s school nemesisDraco Malfoy
75%
Owns wand shopGarrick Ollivander
75%
Above’s friendGregory Goyle
75%
Harry’s owlHedwig
75%
Harry’s best friendHermione Granger
75%
Gryffindor friends of Harry’sNeville Longbottom
75%
Third oldest WeasleyPercy Weasley
75%
Marauder who betrayed the pottersPeter Pettigrew
75%
Harry’s best friendRon Weasley
75%
Slytherin house ghostThe Bloody Baron
75%
The Leaky Cauldron bartenderTom
75%
Above’s friendVincent Crabbe
75%
Seamus’s friendDean Thomas
70%
Hagrid’s pet dogFang
70%
Three headed dogFluffy
70%
Ron’s first girlfriendLavender Brown
70%
Weasley matriarchMolly Weasley
70%
Neighbour who used to babysit HarryMrs Figg
70%
Gryffindor quidditch captainOliver Wood
70%
Hogwart’s caretakerArgus Filch
65%
Author of A History of MagicBathilda Bagshot
65%
Charms teacherFilius Flitwick
65%
Gryffindor chaser in 1st bookKatie Bell
65%
Hogwart’s quidditch commentatorLee Jordan
65%
Ron’s date to the Yule BallPadma Patil
65%
Herbology teacherPomona Sprout
65%
Defence Against the Dark Arts professor (Book 1)Quirinus Quirrel
65%
Gryffindor friend of Harry’sSeamus Finnigan
65%
Gryffindor house ghostSir Nicholas de Mimsy Porpington
65%
Neville’s toadTrevor
65%
Above’s grandmotherAugusta Longbottom
60%
Hufflepuff house ghostFat friar
60%
Owner of the joke shop in Diagon AlleyFred Weasley
60%
Owner of joke shop in Diagon AlleyGeorge Weasley
60%
Opened the chamber of secretsGinny Weasley
60%
Goblin who leads Harry to his vaultGriphook
60%
Hogwarts nurseMadam Pomfrey
60%
Slytherin quidditch captain in 1st bookMarcus Flint
60%
Caretaker’s catMrs Norris
60%
Creator of the Philosopher’s stoneNicholas Flammel
60%
Hagrid’s pet dragonNorbert the Norwegian Ridgeback
60%
Slytherin friend of Malfoy’sPansy Parkinson
60%
Mischievous house ghostPeeves
60%
Quidditch refereeRolanda Hooch
60%
Entrance to Gryffindor common roomThe Fat Lady
60%
Gryffindor chaser in 1st bookAngelina Johnson
55%
Slytherin friend of Malfoy’sBlaise Zabini
55%
Centaur who taught astronomy in the 5th bookFirenze
55%
Dark Wizard defeated in 1945Gellert Grindewald
55%
Owns robe shopMadam Malkins
55%
Dudley’s friendPiers Polkiss
55%
Hufflepuff in Harry’s yearSusan Bones
55%
Gryffindor chaser in 1st bookAlicia Spinnet
50%
Centaur who lives in forbidden forestBane
50%
Minister of magic (1990 - 1996)Cornelius Fudge
50%
History of magic teacherCuthbert Binns
50%
Hufflepuff, almost killed by snake in second yearJustin Finch-Fletchley
50%
Hogwarts librarianMadam Pince
50%
Author of Fantastic Beasts and Where to Find ThemNewt Scamander
50%
Harry’s date to the Yule BallParvati Patil
50%
Deatheater who works for the Ministry of MagicLucius Malfoy
45%
Hufflepuff in Harry’s yearHannah Abbott
35%
Centaur who lives in forbidden forestRonan
35%
Wizard at the Leaky CauldronDedalus Diggle
30%
Witch at the Leaky CauldronDoris Crockford
30%
Most famous wizard in historyMerlin
30%
Order of the Phoenix memberAmelia Bones
25%
Dudley’s friendDennis
25%
Weather reporterJim Mcguffin
25%
Slytherin in Harry’s yearLily Moon
25%
Nicholas Flamel’s wifePerenelle flamel
25%
Above’s catSnowy
25%
Ravenclaw in Harry’s yearTerry Boot
25%
Slytherin in Harry’s yearTheodore Nott
25%
Slytherin chaser in 1st bookAdrian Pucey
20%
Neville’s great uncleAlgie
20%
Neville’s great auntieEnid
20%
Dudley’s friendMalcom
20%
Order of the Phoenix memberMarlene Mckinnon
20%
Author of The Standard Book of SpellsMiranda Goshawk
20%
Chocolate frog witchMorgana
20%
News reporterTed
20%
Above’s catTibble
20%
Above’s catTufty
20%
Petunia’s friendYvonne
20%
Chocolate frog wizardAgrippa
15%
Wizard who said ‘s’ instead of ‘f’ in a spellBaruffio
15%
Order of the Phoenix memberEdgar Bones
15%
Order of the Phoenix memberFabian Prewett
15%
Order of the Phoenix memberGideon Prewett
15%
Author of Magical Drafts and PotionsArsenius Jigger
10%
Chocolate frog wizardCirce
10%
Chocolate frog druidessCliodna
10%
Author of A Beginners Guide to TransfigurationEmeric Switch
10%
Historical wizardEmeric the Evil
10%
Statue in HogwartsGregory the Smarmy
10%
Ravenclaw student in Harry’s yearLisa Turpin
10%
Slytherin keeper in 1st bookMiles Bletchley
10%
Above’s catMr Paws
10%
Author of One Thousand Magical Herbs and FungiPhyllida Spore
10%
Chocolate frog wizardPtolemy
10%
Order of the Phoenix memberSeraphina Bones
10%
Slytherin seeker in 1st bookTerence Higgs
10%
Historical wizardUric the Oddball
10%
Author of Magical TheoryAdalbert Waffling
5%
Chocolate frog wizardAlberic Grunnion
5%
This wizard’s uprisingElfric the eager
5%
Dudley’s friendGordon
5%
Chocolate frog wizardHengist of Woodcroft
5%
Ravenclaw in Harry’s yearMandy Brocklehurst
5%
Student in Harry’s yearMorag Mcdougal
5%
Chocolate frog wizardParacelsus
5%
Author of The Dark Forces: A Guide to Self-ProtectionQuentin Trimble
5%
Student in Harry’s yearSally-Anne Perks
5%
Author of Curses and Counter-CursesVindictus Viridian
5%

Score Distribution

Percentile by Number Answered

Percent of People with Each Score

Your Score History

You have not taken this quiz